000 00713nam a2200193 a 4500
001 BRCA_2971
005 20190320204041.0
008 181208s1864----mx-a---###---#000-0#spa-u
050 4 _aPM3008
_b.O76 1864
100 1 _aOrozco y Berra, Manuel
_d1816-1881
_9539
245 1 0 _aGeografía de las lenguas y carta etnográfica de México
_bprecedidas de un ensayo de clasificación de las mismas lenguas y de apuntes para las inmigraciones de las tribus
_cpor Manuel Orozco y Berra.
260 _aMéxico
_bJ. M. Andrade y F. Escalante
_c1864
300 _a392 p.
_bil.
_c27 cm.
500 _aB111
650 1 4 _aLenguaje y lenguas
_98240
650 1 4 _aIndios de México
_xLenguas
_98241
902 _aGFM
942 _2lcc
_cB
999 _c2710
_d2710